[Event "CP-2013-P-00051"]
[Site "LSS email"]
[Date "2013.09.30"]
[Round "?"]
[White "Hammerschmidt, Volker"]
[Black "Shapovalov, Dima"]
[Result "1-0"]
[WhiteElo "1862"]
[BlackElo "1725"]
[PlyCount "41"]
[EventDate "2013.10.01"]
[EventType "tourn (corr)"]
[EventRounds "6"]
[EventCountry "GER"]
[SourceTitle "Telechess CBM 167"]
[Source "ChessBase"]
[SourceDate "2015.07.13"]
[SourceVersion "1"]
[SourceVersionDate "2015.07.13"]
[SourceQuality "1"]

1. e4 e5 2. Nf3 Nc6 3. c3 d5 4. Qa4 Bd7 5. d3 Nd4 6. Qd1 Nxf3+ 7. Qxf3 Nf6 8. Nd2 Bc6 9. Be2 Bd6 10. Bd1 0-0 11. 0-0 dxe4 12. dxe4 Qd7 13. Re1 a5 14. Bc2 Qe7 15. Nf1 h6 16. Ne3 Bd7 17. h3 a4 18. Bd2 c6 19. Rad1 Rfd8 20. Bc1 a3 21. b3 1-0

[Event "CP-2013-P-00051"]
[Site "LSS email"]
[Date "2013.09.30"]
[Round "?"]
[White "Shapovalov, Dima"]
[Black "Sikorski, Roman"]
[Result "0-1"]
[WhiteElo "1725"]
[BlackElo "1864"]
[PlyCount "36"]
[EventDate "2013.10.01"]
[EventType "tourn (corr)"]
[EventRounds "6"]
[EventCountry "GER"]
[SourceTitle "Telechess CBM 167"]
[Source "ChessBase"]
[SourceDate "2015.07.13"]
[SourceVersion "1"]
[SourceVersionDate "2015.07.13"]
[SourceQuality "1"]

1. d4 Nf6 2. c4 g6 3. g3 Bg7 4. Bg2 d5 5. cxd5 Nxd5 6. Nf3 0-0 7. 0-0 c5 8. e4 Nf6 9. e5 Nfd7 10. e6 fxe6 11. Ng5 Qb6 12. Qe2 cxd4 13. Qxe6+ Qxe6 14. Nxe6 Nc6 15. Nxf8 Nxf8 16. Re1 Kf7 17. Nd2 Bf5 18. Ne4 Ne6 0-1

[Event "BI-2013-P-00024"]
[Site "LSS email"]
[Date "2013.04.23"]
[Round "?"]
[White "Cerne, Peter"]
[Black "Shapovalov, Dima"]
[Result "1-0"]
[WhiteElo "1580"]
[BlackElo "1725"]
[PlyCount "65"]
[EventDate "2013.04.25"]
[EventType "tourn (corr)"]
[EventRounds "10"]
[EventCountry "GER"]
[SourceTitle "Telechess CBM 167"]
[Source "ChessBase"]
[SourceDate "2015.07.13"]
[SourceVersion "1"]
[SourceVersionDate "2015.07.13"]
[SourceQuality "1"]

1. e4 c5 2. Nf3 d6 3. d4 cxd4 4. Nxd4 Nf6 5. Nc3 Nc6 6. Bg5 Bd7 7. Qd2 Rc8 8. 0-0-0 Nxd4 9. Qxd4 Qa5 10. Bd2 e5 11. Qd3 a6 12. a3 h6 13. Qg3 Qc7 14. Bd3 Nh5 15. Qf3 Nf6 16. Nd5 Nxd5 17. exd5 Be7 18. Qg3 Bf6 19. Kb1 0-0 20. Bxh6 e4 21. Bxe4 Ba4 22. Rc1 Rfe8 23. Rhe1 Qc4 24. Bd3 Qxd5 25. Rxe8+ Rxe8 26. Be3 Bc6 27. Rg1 b5 28. h4 a5 29. Qf4 Bd7 30. Rd1 Qxg2 31. Qxd6 Qf3 32. Rg1 Qh3 33. Qxf6 1-0

[Event "SB-2013-0-00294"]
[Site "LSS email"]
[Date "2013.03.07"]
[Round "?"]
[White "Hatsek, Werner"]
[Black "Shapovalov, Dima"]
[Result "1/2-1/2"]
[WhiteElo "1938"]
[BlackElo "1759"]
[PlyCount "75"]
[EventDate "2013.02.14"]
[EventType "tourn (corr)"]
[EventRounds "6"]
[EventCountry "GER"]
[SourceTitle "Telechess CBM 161"]
[Source "ChessBase"]
[SourceDate "2014.07.16"]
[SourceVersion "1"]
[SourceVersionDate "2014.07.16"]
[SourceQuality "1"]

1. d4 d5 2. c4 c6 3. Bf4 Nf6 4. e3 Bf5 5. Nf3 e6 6. Qb3 Qb6 7. c5 Qxb3 8. axb3 Be7 9. Nbd2 Nbd7 10. h3 0-0 11. g4 Bc2 12. b4 a6 13. Ke2 h6 14. Ne1 Bh7 15. f3 Ne8 16. Bg3 f5 17. Nd3 Bd8 18. Rg1 fxg4 19. hxg4 Rc8 20. Kf2 Nef6 21. Bf4 Rf7 22. Kg2 Bc7 23. Bxc7 Rxc7 24. Kg3 Rc8 25. Rh1 Rcf8 26. Rh2 Re7 27. f4 Ne4+ 28. Nxe4 Bxe4 29. Nf2 Bg6 30. Bd3 Bxd3 31. Nxd3 Ree8 32. Rah1 Kf7 33. Rh4 Ke7 34. R4h3 Kd8 35. Kg2 Kc7 36. Rg3 Rh8 37. Nf2 Kd8 38. Rg1 1/2-1/2

[Event "SB-2013-0-00294"]
[Site "LSS email"]
[Date "2013.03.07"]
[Round "?"]
[White "Herzog, Klaus"]
[Black "Shapovalov, Dima"]
[Result "1-0"]
[WhiteElo "1855"]
[BlackElo "1759"]
[PlyCount "77"]
[EventDate "2013.02.14"]
[EventType "tourn (corr)"]
[EventRounds "6"]
[EventCountry "GER"]
[SourceTitle "Telechess CBM 161"]
[Source "ChessBase"]
[SourceDate "2014.07.16"]
[SourceVersion "1"]
[SourceVersionDate "2014.07.16"]
[SourceQuality "1"]

1. e4 e5 2. Nf3 Nc6 3. Bb5 a6 4. Ba4 Nf6 5. 0-0 Be7 6. Re1 b5 7. Bb3 d6 8. c3 0-0 9. h3 Nb8 10. d4 Nbd7 11. Nbd2 Bb7 12. Bc2 Re8 13. a4 Bf8 14. Bd3 b4 15. Qc2 Qc8 16. Nb3 c5 17. dxc5 Nxc5 18. Nxc5 Qxc5 19. Bg5 bxc3 20. Bxf6 gxf6 21. bxc3 Rac8 22. Rab1 Rc7 23. c4 Bh6 24. Nh4 Bc8 25. Qd1 Kh8 26. Qf3 Bg5 27. Nf5 Rg8 28. Be2 Bf4 29. Red1 Bxf5 30. exf5 Rcc8 31. Rd5 Qc7 32. a5 Rb8 33. Rbd1 Rgd8 34. Qd3 e4 35. Qxe4 Be5 36. g3 Re8 37. Qd3 Rb2 38. c5 dxc5 39. Qxa6 1-0

[Event "CP-2012-P-00022"]
[Site "LSS email"]
[Date "2012.10.01"]
[Round "?"]
[White "Shapovalov, Dima"]
[Black "Bester, Kazimierz"]
[Result "1-0"]
[WhiteElo "1803"]
[BlackElo "775"]
[PlyCount "47"]
[EventDate "2012.10.05"]
[EventType "tourn (corr)"]
[EventRounds "6"]
[EventCountry "GER"]
[SourceTitle "Telechess CBM 159"]
[Source "ChessBase"]
[SourceDate "2014.03.17"]
[SourceVersion "1"]
[SourceVersionDate "2014.03.17"]
[SourceQuality "1"]

1. e4 d5 2. exd5 Qxd5 3. Nc3 Qa5 4. d4 Nf6 5. Nf3 Nc6 6. Bd2 Bg4 7. d5 Nxd5 8. Nb5 Qb6 9. c4 Ndb4 10. c5 Qxc5 11. Nxc7+ Kd8 12. Bxb4+ Kxc7 13. Bxc5 Rd8 14. Qb3 Be6 15. Qc3 b6 16. Ne5 bxc5 17. Nxc6 Kxc6 18. Rc1 Rd5 19. Bc4 Rf5 20. 0-0 Bxc4 21. Qxc4 e6 22. Qa6+ Kd5 23. Rfe1 e5 24. Rcd1# 1-0

[Event "SC-2012-0-00150"]
[Site "LSS email"]
[Date "2012.07.15"]
[Round "?"]
[White "Thomas, Gerald K"]
[Black "Shapovalov, Dima"]
[Result "1/2-1/2"]
[WhiteElo "1663"]
[BlackElo "1798"]
[PlyCount "47"]
[EventDate "2012.05.29"]
[EventType "tourn (corr)"]
[EventRounds "6"]
[EventCountry "GER"]
[SourceTitle "Telechess CBM 159"]
[Source "ChessBase"]
[SourceDate "2014.03.17"]
[SourceVersion "1"]
[SourceVersionDate "2014.03.17"]
[SourceQuality "1"]

1. e4 e5 2. Nf3 Nc6 3. Bb5 a6 4. Ba4 Nf6 5. 0-0 b5 6. Bb3 Be7 7. Re1 d6 8. c3 0-0 9. h3 Na5 10. Bc2 c5 11. d4 Qc7 12. Nbd2 cxd4 13. cxd4 Nc6 14. a3 Bd7 15. Nb3 Rac8 16. Bd3 exd4 17. Nbxd4 Rfe8 18. Bf4 Ne5 19. Rc1 Qb6 20. Rxc8 Bxc8 21. Qc2 Bf8 22. Bg5 Nxd3 23. Qxd3 d5 24. e5 1/2-1/2

[Event "WC-2016-P-00010"]
[Site "LSS email"]
[Date "2012.02.12"]
[Round "?"]
[White "Kriksciunas, Bronislavas"]
[Black "Shapovalov, Dima"]
[Result "1-0"]
[WhiteElo "2149"]
[BlackElo "1759"]
[PlyCount "133"]
[EventDate "2012.02.15"]
[EventType "tourn (corr)"]
[EventRounds "12"]
[EventCountry "GER"]
[SourceTitle "Telechess CBM 163"]
[Source "ChessBase"]
[SourceDate "2014.11.11"]
[SourceVersion "2"]
[SourceVersionDate "2014.11.11"]
[SourceQuality "1"]

1. Nc3 d5 2. e4 d4 3. Nce2 e5 4. Ng3 Bd6 5. Bc4 Nf6 6. Nf3 0-0 7. 0-0 c5 8. a4 h6 9. d3 Nc6 10. h3 Na5 11. Ba2 Nc6 12. Bd2 Be6 13. Bxe6 fxe6 14. Qb1 Qe7 15. Qa2 Rf7 16. Qb3 Re8 17. a5 a6 18. Be1 Qc7 19. Qa2 Nd7 20. Nd2 Nf8 21. Nc4 Ng6 22. Qb1 Nf4 23. Qd1 Rf6 24. h4 Ref8 25. h5 Qe7 26. Qg4 Bc7 27. Ne2 R6f7 28. Nxf4 exf4 29. f3 Re8 30. Bd2 Qd7 31. b3 Qe7 32. Rfe1 Qf6 33. Reb1 Ne5 34. Nxe5 Bxe5 35. b4 cxb4 36. Rxb4 Bd6 37. Rc4 Rc7 38. Rxc7 Bxc7 39. Rb1 Rb8 40. Kh2 Kf7 41. Kh3 g5 42. hxg6+ Qxg6 43. c4 dxc3 44. Bxc3 Qxg4+ 45. Kxg4 e5 46. d4 exd4 47. Bxd4 Ke6 48. e5 Rd8 49. Rxb7 h5+ 50. Kg5 Bxa5 51. Ra7 Rxd4 52. Rxa6+ Kxe5 53. Rxa5+ Ke6 54. Ra2 Rd5+ 55. Kxf4 Kf7 56. Ra7+ Kf6 57. Ra6+ Kg7 58. Re6 Rd2 59. g3 Kf7 60. Kf5 Rg2 61. Rg6 Rg1 62. Rg5 Rh1 63. Kf4 Kf6 64. Ra5 Ke6 65. Ra6+ Kd5 66. g4 hxg4 67. fxg4 1-0

[Event "WC-2016-P-00010"]
[Site "LSS email"]
[Date "2012.02.12"]
[Round "?"]
[White "Shapovalov, Dima"]
[Black "Schubert, Steffen"]
[Result "1/2-1/2"]
[WhiteElo "1759"]
[BlackElo "1997"]
[PlyCount "50"]
[EventDate "2012.02.15"]
[EventType "tourn (corr)"]
[EventRounds "12"]
[EventCountry "GER"]
[SourceTitle "Telechess CBM 163"]
[Source "ChessBase"]
[SourceDate "2014.11.11"]
[SourceVersion "2"]
[SourceVersionDate "2014.11.11"]
[SourceQuality "1"]

1. e4 e5 2. Nf3 Nf6 3. Nxe5 d6 4. Nf3 Nxe4 5. d4 d5 6. Bd3 Be7 7. 0-0 Nc6 8. c4 Nf6 9. Nc3 0-0 10. h3 Nb4 11. Be2 h6 12. a3 Nc6 13. Bf4 Be6 14. c5 Ne4 15. Bd3 f5 16. Bb5 Bf6 17. Bxc6 bxc6 18. Qc2 Rb8 19. Ne5 Qe8 20. Bh2 Bc8 21. b4 Ba6 22. Rfe1 Bh4 23. Nf3 Bxf2+ 24. Qxf2 Nxf2 25. Rxe8 Nxh3+ 1/2-1/2

[Event "WC-2016-P-00010"]
[Site "LSS email"]
[Date "2012.02.12"]
[Round "?"]
[White "Shapovalov, Dima"]
[Black "Zavrazhnov, Andrey Anatolievich"]
[Result "1/2-1/2"]
[WhiteElo "1759"]
[BlackElo "2155"]
[PlyCount "94"]
[EventDate "2012.02.15"]
[EventType "tourn (corr)"]
[EventRounds "12"]
[EventCountry "GER"]
[SourceTitle "Telechess CBM 163"]
[Source "ChessBase"]
[SourceDate "2014.11.11"]
[SourceVersion "2"]
[SourceVersionDate "2014.11.11"]
[SourceQuality "1"]

1. e4 c5 2. Nf3 d6 3. d4 cxd4 4. Nxd4 Nf6 5. Nc3 a6 6. Be3 e6 7. f3 b5 8. Qd2 Nbd7 9. g4 b4 10. Nce2 h6 11. 0-0-0 Qc7 12. h4 d5 13. Bf4 e5 14. Bh2 dxe4 15. g5 hxg5 16. hxg5 Rxh2 17. Rxh2 exd4 18. Nxd4 Nd5 19. Nf5 Qf4 20. fxe4 Qxd2+ 21. Rdxd2 Nf4 22. Rh8 g6 23. Nd6+ Ke7 24. Nxc8+ Rxc8 25. Bxa6 Rc7 26. Kb1 Bg7 27. Rc8 Rxc8 28. Bxc8 Nc5 29. Rd1 Be5 30. Bg4 f6 31. gxf6+ Kxf6 32. Re1 g5 33. Re3 Bd4 34. e5+ Bxe5 35. a3 Bd4 36. Re8 bxa3 37. bxa3 Nd5 38. Kc1 Ne3 39. Be2 Kf5 40. Kd2 Nd5 41. c4 Nf6 42. Ra8 g4 43. a4 g3 44. Bf3 Nfe4+ 45. Ke2 Nc3+ 46. Kf1 N3xa4 47. Rf8+ Ke6 1/2-1/2

[Event "LSS No Engine Cup 48 Final"]
[Site "LSS email"]
[Date "2012.01.29"]
[Round "?"]
[White "Hernandez, Orlando"]
[Black "Shapovalov, Dima"]
[Result "1/2-1/2"]
[WhiteElo "1262"]
[BlackElo "1771"]
[PlyCount "45"]
[EventDate "2012.01.30"]
[EventType "tourn (corr)"]
[EventRounds "6"]
[EventCountry "GER"]
[SourceTitle "Telechess CBM 155"]
[Source "ChessBase"]
[SourceDate "2013.07.16"]
[SourceVersion "1"]
[SourceVersionDate "2013.07.16"]
[SourceQuality "1"]

1. d4 d5 2. Nf3 Nf6 3. e3 c5 4. c3 e6 5. Bd3 Nc6 6. Nbd2 Bd6 7. Qe2 0-0 8. 0-0 Qc7 9. h3 cxd4 10. exd4 Re8 11. Re1 e5 12. dxe5 Nxe5 13. Nxe5 Bxe5 14. Qd1 Bd7 15. Nf3 Bf4 16. Bxf4 Qxf4 17. Qd2 Qxd2 18. Nxd2 g6 19. Nf3 Kg7 20. Ne5 Bc6 21. Rad1 Rad8 22. Bc2 Rd6 23. Nf3 1/2-1/2

[Event "LSS No Engine Cup 48 Final"]
[Site "LSS email"]
[Date "2012.01.29"]
[Round "?"]
[White "Shapovalov, Dima"]
[Black "Herzog, Klaus"]
[Result "1/2-1/2"]
[WhiteElo "1771"]
[BlackElo "1841"]
[PlyCount "49"]
[EventDate "2012.01.30"]
[EventType "tourn (corr)"]
[EventRounds "6"]
[EventCountry "GER"]
[SourceTitle "Telechess CBM 155"]
[Source "ChessBase"]
[SourceDate "2013.07.16"]
[SourceVersion "1"]
[SourceVersionDate "2013.07.16"]
[SourceQuality "1"]

1. d4 Nf6 2. Nf3 e6 3. Bf4 c5 4. c3 Nc6 5. e3 d5 6. Nbd2 Bd6 7. Bg3 0-0 8. Bd3 Qe7 9. Ne5 Bxe5 10. dxe5 Nd7 11. Nf3 f6 12. exf6 Nxf6 13. Ne5 Nxe5 14. Bxe5 Nd7 15. Bg3 Nf6 16. 0-0 b6 17. c4 Bb7 18. Qc2 Rad8 19. Rad1 dxc4 20. Qxc4 Bd5 21. Qa4 e5 22. Rd2 Rd6 23. Rfd1 Rfd8 24. Qc2 Be4 25. Bxe4 1/2-1/2

[Event "LSS No Engine Cup 48 Final"]
[Site "LSS email"]
[Date "2012.01.29"]
[Round "?"]
[White "Shapovalov, Dima"]
[Black "Oliveira, Diogo Luiz"]
[Result "1/2-1/2"]
[WhiteElo "1771"]
[BlackElo "2109"]
[PlyCount "108"]
[EventDate "2012.01.30"]
[EventType "tourn (corr)"]
[EventRounds "6"]
[EventCountry "GER"]
[SourceTitle "Telechess CBM 153"]
[Source "ChessBase"]
[SourceDate "2013.03.14"]
[SourceVersion "1"]
[SourceVersionDate "2013.03.14"]
[SourceQuality "1"]

1. d4 Nf6 2. Nf3 g6 3. Bf4 Bg7 4. e3 0-0 5. Be2 d6 6. h3 Nfd7 7. 0-0 Nc6 8. c3 e5 9. Bh2 Re8 10. Nbd2 e4 11. Ne1 Qg5 12. Bf4 Qe7 13. Nc2 Nf6 14. c4 d5 15. Rc1 dxc4 16. Bxc4 Na5 17. Be2 Nd5 18. Bg3 c5 19. Nc4 Nxc4 20. Bxc4 Be6 21. Qd2 Rac8 22. b3 Red8 23. Qa5 a6 24. Rfd1 b6 25. Qe1 b5 26. Bxd5 Rxd5 27. dxc5 Rxd1 28. Rxd1 Qxc5 29. Nd4 Bd5 30. Ne2 Bb7 31. Rd7 Bc6 32. Rd1 Qa3 33. Rd2 Qa5 34. Qd1 Bf6 35. Rc2 Qd8 36. Qxd8+ Bxd8 37. Nd4 Bd7 38. Rxc8 Bxc8 39. Nc6 Bf6 40. Be5 Bg5 41. Kf1 Bb7 42. Nd4 Be7 43. Ke2 Kf8 44. Kd2 Bb4+ 45. Kc2 Ke7 46. Ne2 Ke6 47. Bc3 Be7 48. Ba5 Bh4 49. g3 Be7 50. Nd4+ Kd5 51. h4 h5 52. Kd2 Bc8 53. Ne2 Bf8 54. Nd4 Be7 1/2-1/2

[Event "RC-2011-0-00092"]
[Site "LSS email"]
[Date "2012.01.26"]
[Round "?"]
[White "Shapovalov, Dima"]
[Black "Schulz, Hans Juergen"]
[Result "1/2-1/2"]
[WhiteElo "1744"]
[BlackElo "1794"]
[PlyCount "100"]
[EventDate "2011.11.27"]
[EventType "tourn (corr)"]
[EventRounds "6"]
[EventCountry "GER"]
[SourceTitle "Telechess CBM 155"]
[Source "ChessBase"]
[SourceDate "2013.07.16"]
[SourceVersion "1"]
[SourceVersionDate "2013.07.16"]
[SourceQuality "1"]

1. e4 e5 2. Nf3 Nc6 3. Bb5 Nf6 4. 0-0 Nxe4 5. d4 Nd6 6. Bxc6 dxc6 7. dxe5 Nf5 8. Qxd8+ Kxd8 9. Nc3 Ne7 10. h3 Ng6 11. Bg5+ Ke8 12. Rad1 Bd7 13. Rd2 Be6 14. Rfd1 Be7 15. Be3 Bb4 16. Bg5 Be7 17. Ne4 Bd5 18. Rd4 h6 19. Be3 Rd8 20. R1d2 Nf8 21. c4 Bxe4 22. Rxe4 Rxd2 23. Bxd2 Ne6 24. Nd4 Kd7 25. g3 Rd8 26. Nf5 h5 27. Bc3 g6 28. Nxe7 Kxe7 29. h4 c5 30. Kf1 Nd4 31. b4 Ne6 32. bxc5 Kd7 33. Ke2 Kc6 34. Bb2 Kxc5 35. Ba3+ Kc6 36. Bb2 a6 37. Re3 b5 38. cxb5+ axb5 39. Rf3 Rd7 40. a3 Kb7 41. Rb3 Ka6 42. Rd3 Rxd3 43. Kxd3 Kb6 44. Ke4 Kc5 45. f4 Kc4 46. f5 Ng7 47. fxg6 fxg6 48. Bc1 Ne6 49. Be3 c6 50. Bh6 Kc3 1/2-1/2

[Event "LSS No Engine Cup 45 Final"]
[Site "LSS email"]
[Date "2011.12.29"]
[Round "?"]
[White "Komissarov, Yaroslav"]
[Black "Shapovalov, Dima"]
[Result "1/2-1/2"]
[WhiteElo "1822"]
[BlackElo "1787"]
[PlyCount "87"]
[EventDate "2011.12.30"]
[EventType "tourn (corr)"]
[EventRounds "6"]
[EventCountry "GER"]
[SourceTitle "Telechess CBM 153"]
[Source "ChessBase"]
[SourceDate "2013.03.14"]
[SourceVersion "1"]
[SourceVersionDate "2013.03.14"]
[SourceQuality "1"]

1. e4 e5 2. Nf3 Nc6 3. Bc4 Nf6 4. d4 exd4 5. e5 d5 6. Bb5 Ne4 7. Nxd4 Bd7 8. Bxc6 bxc6 9. 0-0 Bc5 10. f3 Ng5 11. Be3 0-0 12. f4 Ne6 13. c3 Qe7 14. Nd2 f6 15. N2f3 Bb6 16. exf6 Rxf6 17. Ne5 Re8 18. b4 Ng5 19. a4 a5 20. bxa5 Bxa5 21. Nb3 Bxc3 22. Bc5 Qd8 23. Nxd7 Qxd7 24. fxg5 Rxf1+ 25. Qxf1 Bxa1 26. Qxa1 Qf5 27. Qc1 Qd3 28. Nd2 d4 29. Nf1 Qc3 30. Qxc3 dxc3 31. Kf2 Ra8 32. Ne3 Rxa4 33. Ke2 c2 34. Kd2 Ra5 35. Bd4 Rxg5 36. Kxc2 Kf7 37. Kd3 g6 38. Ke4 Ke6 39. Bc3 Rb5 40. Be1 c5 41. Nd5 Rb2 42. Bc3 Ra2 43. Nf4+ Kd6 44. h4 1/2-1/2

[Event "LSS No Engine Cup 45 Final"]
[Site "LSS email"]
[Date "2011.12.29"]
[Round "?"]
[White "Shapovalov, Dima"]
[Black "Markoja, Johann"]
[Result "0-1"]
[WhiteElo "1787"]
[BlackElo "2018"]
[PlyCount "74"]
[EventDate "2011.12.30"]
[EventType "tourn (corr)"]
[EventRounds "6"]
[EventCountry "GER"]
[SourceTitle "Telechess CBM 153"]
[Source "ChessBase"]
[SourceDate "2013.03.14"]
[SourceVersion "1"]
[SourceVersionDate "2013.03.14"]
[SourceQuality "1"]

1. e4 g6 2. d4 c6 3. Nc3 Bg7 4. f4 d5 5. e5 h5 6. Nf3 Bg4 7. h3 Bxf3 8. Qxf3 e6 9. Be3 h4 10. Bd3 Ne7 11. 0-0 Nd7 12. Ne2 Nf5 13. Bf2 Qa5 14. b4 Qc7 15. a4 a5 16. b5 Bf8 17. c4 dxc4 18. Bxc4 Nb6 19. Bd3 Rc8 20. bxc6 bxc6 21. Nc3 Bb4 22. Rfc1 Kf8 23. Ne4 Qd8 24. Ba6 Rb8 25. Rd1 Kg7 26. Be2 Be7 27. Ra2 Nd5 28. Rc2 Qd7 29. Nc5 Bxc5 30. Rxc5 Rb4 31. Rxa5 Rhb8 32. Bf1 Rb3 33. Rd3 Rb2 34. Rc5 R8b4 35. a5 Qa7 36. Rxc6 Ra4 37. Rb6 Nxb6 0-1